Sports Quiz

Random Sports or NFL Quiz

NFL 2nd Round Quarterbacks Quiz Stats

Quiz Updated Jun 14, 2016

Challenge
Share
Tweet
Embed
Score 0/18 Timer 03:00
0 Plays Today
Year Quarterback % Correct
2013Geno Smith
89%
2011Andy Dalton
87.9%
2014Derek Carr
86.6%
2011Colin Kaepernick
68.9%
2010Jimmy Clausen
63.8%
2008Chad Henne
60.7%
2007Kevin Kolb
58.9%
2012Brock Osweiler
50.2%
2015Christian Hackenberg
48.6%
Year Quarterback % Correct
2001Drew Brees
44.6%
2006Tarvaris Jackson
43.4%
2001Quincy Carter
32.2%
2009Pat White
30.4%
2006Kellen Clemens
26.5%
2008Brian Brohm
25.8%
2007Drew Stanton
25.5%
2007John Beck
24.6%
2001Marques Tuiasosopo
7.3%

You're not logged in!

Compare scores with friends on all Sporcle quizzes.
Sign Up with Email
OR
Log In

You Might Also Like...

Show Comments

Extras

Top Quizzes Today


Score Distribution

Your Account Isn't Verified!

In order to create a playlist on Sporcle, you need to verify the email address you used during registration. Go to your Sporcle Settings to finish the process.